000 00437nam a2200181Ia 4500
008 230711s9999||||xx |||||||||||||| ||und||
020 _a978-93-81595-12-1
041 _aENG
082 _a615.19
_bBO-F
100 _aBothara,K.G
245 0 _aFundamentals of Pharmacology Volume II
250 _a2nd Ed.
260 _c2017
_aPune
_bNirali Prakashan
300 _a30.22p.
650 _aPharmacy
700 _aBothara,K.K
942 _cBK
999 _c7301
_d7301